Statistics for Top 10 Best Selling Wii U Games

Click here to take the quiz!

General Stats

  • This quiz has been taken 23 times
  • The average score is 6 of 10

Answer Stats

NumberCopies Sold (in millions)Answer% Correct
18.4Mario Kart 8
85%
35.8New Super Mario Bros. U
70%
55.2Nintendo Land
65%
25.8Super Mario 3D World
60%
45.3Super Smash Bros. for Wii U
60%
74Super Mario Maker
55%
102.2Mario Party 10
50%
92.3The Legend of Zelda: Windwaker HD
45%
83New Super Luigi U
40%
64.9Splatoon
40%

Score Distribution

Percentile by Number Answered

Percent of People with Each Score

Your Score History

You have not taken this quiz